Banking and finance /

Bibliographic Details
Main Author: Chew, David B. H., 1928-
Format: Book
Language:English
Published: [Singapore] : Times Books International, [1982]
Subjects:

MARC

Tag First Indicator Second Indicator Subfields
LEADER 00000cam a2200000 4500
001 in00003442021
005 20151206103401.0
008 721206s1970 si a 00010 eng
010 |a  72196588  
037 |c $3.00 
040 |d UtOrBLW 
043 |a a-si--- 
082 0 |a 332.1 
090 |a HG1591  |b .C5 1982 
100 1 |a Chew, David B. H.,  |d 1928- 
245 1 0 |a Banking and finance /  |c by David B. H. Chew. 
264 1 |a [Singapore] :  |b Times Books International,  |c [1982] 
300 |a vi, 96 pages :  |b illustrations ;  |c 22 cm. 
336 |a text  |b txt  |2 rdacontent 
337 |a unmediated  |b n  |2 rdamedia 
338 |a volume  |b nc  |2 rdacarrier 
650 0 |a Banks and banking. 
650 0 |a Banks and banking  |z Singapore. 
999 |a MARS 
999 f f |s 18c4f315-237a-371d-a10a-415d882fa160  |i 7a29d980-a116-3238-bcc2-e061a0cd1f4a  |t 0 
952 f f |p ric  |a Texas A&M University  |b Rellis Campus  |c Joint Library Facility  |d Remote Storage  |t 0  |e HG1591 .C5 1982  |h Library of Congress classification  |i unmediated -- volume  |m 32060003844046 
998 f f |a HG1591 .C5 1982  |t 0  |l Remote Storage